The role co-operatives can play in the modernisation of the smallholder sector in the natural rubber industry in India (Record no. 49849)

MARC details
000 -LEADER
fixed length control field 00644nam a2200121Ia 4500
100 ## - MAIN ENTRY--AUTHOR NAME
Personal name Narayanan P.K.
245 #4 - TITLE STATEMENT
Title The role co-operatives can play in the modernisation of the smallholder sector in the natural rubber industry in India
260 ## - PUBLICATION, DISTRIBUTION, ETC. (IMPRINT)
Name of publisher In: Progress and development of rubber smallholders: Proceedings of the Third Seminar, 24-30 November 1977, Cochin, India. (Eds. Sumardi Reksopoetranto and G.S. Tan). Association of Natural Rubber Producing Countries, Kuala Lumpur, Malaysia, pp. 117-121.
Year of publication 1979
650 ## - SUBJECT ADDED ENTRY--TOPICAL TERM
Topical Term Rubber co-operative society
650 ## - SUBJECT ADDED ENTRY--TOPICAL TERM
Topical Term Smallholdings
942 ## - ADDED ENTRY ELEMENTS (KOHA)
Koha item type Bibliography STAF
Holdings
Withdrawn status Lost status Damaged status Not for loan Home library Current library Shelving location Date acquired Koha item type
      Bibliography RRII Library RRII Library Economics 09/04/2014 Bibliography STAF